[Event "Kingston Easter U1900"]
[Site "Kingston"]
[Date "2019.04.21"]
[Round "7.34"]
[White "Srinivas, Atharva"]
[Black "Perkins, Simon"]
[Result "1/2-1/2"]
[WhiteElo "1683"]
[BlackElo "1753"]
[PlyCount "45"]
[EventDate "2019.04.18"]
[EventType "swiss"]
[EventRounds "9"]
[EventCountry "CAN"]
[SourceTitle "EXT 2022"]
[Source "ChessBase"]
[SourceDate "2021.10.06"]
[SourceVersion "1"]
[SourceVersionDate "2021.10.06"]
[SourceQuality "1"]

1. e4 d5 2. exd5 Qxd5 3. Nc3 Qd6 4. d3 Nf6 5. Nf3 Bg4 6. g3 c6 7. Bg2 Nbd7 8. a3 Qc7 9. Be3 e6 10. Qd2 Be7 11. 0-0-0 b5 12. Ne2 b4 13. a4 Rb8 14. b3 Nd5 15. h3 Bxf3 16. Bxf3 Bf6 17. Bf4 Nxf4 18. Qxf4 Be5 19. Qc4 c5 20. d4 Bd6 21. dxc5 Qxc5 22. Qxc5 Bxc5 23. Bc6 1/2-1/2

[Event "Kingston Easter U1900"]
[Site "Kingston"]
[Date "2019.04.19"]
[Round "2.30"]
[White "Srinivas, Atharva"]
[Black "Balasooriya, Randika"]
[Result "1/2-1/2"]
[WhiteElo "1683"]
[BlackElo "1828"]
[PlyCount "71"]
[EventDate "2019.04.18"]
[EventType "swiss"]
[EventRounds "9"]
[EventCountry "CAN"]
[SourceTitle "EXT 2022"]
[Source "ChessBase"]
[SourceDate "2021.10.06"]
[SourceVersion "1"]
[SourceVersionDate "2021.10.06"]
[SourceQuality "1"]

1. e4 e5 2. Nf3 Nc6 3. Bb5 Nf6 4. 0-0 Bc5 5. Re1 Ng4 6. Rf1 d6 7. h3 h5 8. c3 a6 9. Ba4 b5 10. Bc2 Bb6 11. d4 Bb7 12. Re1 Nf6 13. Bg5 Qd7 14. dxe5 Nxe5 15. Nxe5 dxe5 16. Qxd7+ Nxd7 17. Nd2 f6 18. Be3 Ke7 19. Nf3 g5 20. Rad1 Nc5 21. Nh2 Rad8 22. Rxd8 Rxd8 23. Nf1 h4 24. Nh2 Nd3 25. Bxd3 Rxd3 26. Bxb6 cxb6 27. Re2 Rd1+ 28. Nf1 Bc8 29. Rc2 g4 30. hxg4 Bxg4 31. f3 Be6 32. b3 a5 33. Kf2 a4 34. bxa4 bxa4 35. Ne3 Rd8 36. Ke2 1/2-1/2

[Event "CAN-ch U12"]
[Site "Quebec"]
[Date "2018.07.03"]
[Round "4.72"]
[White "Srinivas, Atharva"]
[Black "Chen, Derek1"]
[Result "1-0"]
[WhiteElo "1567"]
[BlackElo "1286"]
[PlyCount "135"]
[EventDate "2018.07.02"]
[EventType "swiss"]
[EventRounds "7"]
[EventCountry "CAN"]
[SourceTitle "EXT 2022"]
[Source "ChessBase"]
[SourceDate "2021.10.06"]
[SourceVersion "1"]
[SourceVersionDate "2021.10.06"]
[SourceQuality "1"]

1. e4 c5 2. Nc3 e6 3. f4 Nc6 4. Bb5 a6 5. Bxc6 bxc6 6. Nf3 d5 7. d3 Be7 8. 0-0 Nf6 9. a3 0-0 10. Qe1 Re8 11. h3 h6 12. Qf2 Qc7 13. g4 Nd7 14. f5 Rf8 15. h4 c4 16. Kg2 cxd3 17. cxd3 Nc5 18. Qe3 Nb3 19. Rb1 d4 20. Nxd4 Bc5 21. Nce2 e5 22. Qg3 Bxd4 23. Nxd4 Nxd4 24. f6 Ne2 25. Qf2 Nxc1 26. fxg7 Rd8 27. Rbxc1 Qd7 28. Kh2 Bb7 29. Qf6 Qe6 30. g5 Qxf6 31. gxf6 Rxd3 32. Rcd1 Rad8 33. Rxd3 Rxd3 34. Kg2 c5 35. Re1 Rd2+ 36. Kf3 Rxb2 37. Rd1 Bxe4+ 38. Kxe4 Rb8 39. Rc1 Rc8 40. Kxe5 Re8+ 41. Kd5 Rd8+ 42. Kc6 Re8 43. Kd5 Re6 44. Rf1 Re8 45. Rb1 h5 46. Kxc5 Kh7 47. Rd1 Rg8 48. Rg1 Rc8+ 49. Kd6 Kg8 50. Kd7 Rb8 51. Rc1 Rb7+ 52. Rc7 Rb8 53. Rc8+ Rxc8 54. Kxc8 a5 55. a4 Kh7 56. Kb7 Kg8 57. Kb6 Kh7 58. Kxa5 Kg8 59. Kb6 Kh7 60. a5 Kh6 61. a6 Kh7 62. a7 Kh6 63. g8R Kh7 64. Rg5 Kh6 65. a8Q Kh7 66. Qg8+ Kh6 67. Rxh5+ Kxh5 68. Qg5# 1-0

[Event "CAN-ch U10"]
[Site "Sault Ste Marie"]
[Date "2017.07.06"]
[Round "1"]
[White "Ripley, Noah"]
[Black "Srinivas, Atharva"]
[Result "1-0"]
[WhiteElo "814"]
[BlackElo "1383"]
[PlyCount "153"]
[EventDate "2017.07.06"]
[EventType "swiss"]
[EventRounds "7"]
[EventCountry "CAN"]
[SourceTitle "EXT 2022"]
[Source "ChessBase"]
[SourceDate "2021.10.06"]
[SourceVersion "1"]
[SourceVersionDate "2021.10.06"]
[SourceQuality "1"]

1. d4 d5 2. Bf4 Nf6 3. e3 Bf5 4. Nf3 e6 5. c3 c6 6. Be2 Nbd7 7. Nbd2 Be7 8. Bf1 0-0 9. Ne5 Nxe5 10. dxe5 Ne4 11. Nxe4 Bxe4 12. f3 Bg6 13. Bd3 Bg5 14. Qd2 Bxf4 15. exf4 Qb6 16. 0-0-0 Rad8 17. g4 d4 18. f5 exf5 19. Bxf5 Qc5 20. Kb1 Bxf5+ 21. gxf5 Qxe5 22. Qd3 dxc3 23. Qxd8 Qxf5+ 24. Qd3 Qxd3+ 25. Rxd3 cxb2 26. Kxb2 h6 27. Rd7 Re8 28. Rhd1 Re2+ 29. R1d2 Re3 30. Rxb7 Rxf3 31. Rxa7 c5 32. Rc7 f5 33. Rxc5 f4 34. a4 Rf1 35. a5 f3 36. Rcc2 Re1 37. a6 Re7 38. Rf2 Ra7 39. Rc6 Rf7 40. Rc3 Ra7 41. Ra3 g5 42. Rfxf3 Kg7 43. Kc2 Kg6 44. Kd2 g4 45. Rg3 h5 46. h3 Kf5 47. hxg4+ hxg4 48. Ke2 Kf4 49. Kf2 Kf5 50. Rge3 Kf4 51. Re8 Kf5 52. Kg3 Kg5 53. Rg8+ Kf6 54. Kxg4 Ke6 55. Rd8 Ke7 56. Rd1 Ke6 57. Kf4 Rf7+ 58. Ke4 Ra7 59. Ke3 Ke5 60. Rd8 Ke6 61. Kd4 Ke7 62. Rd5 Ke6 63. Kc5 Rc7+ 64. Kd4 Ra7 65. Ra4 Ke7 66. Kc5 Ke6 67. Rd1 Ke5 68. Kb6 Re7 69. a7 Re6+ 70. Kb5 Re8 71. a8Q Rxa8 72. Rxa8 Ke6 73. Re8+ Kf7 74. Re2 Kf6 75. Rf1+ Kg5 76. Rg2+ Kh4 77. Rh1# 1-0

[Event "Wch U10"]
[Site "Batumi"]
[Date "2016.10.28"]
[Round "9"]
[White "Bekbauov, Noel"]
[Black "Srinivas, Atharva"]
[Result "1-0"]
[WhiteElo "1265"]
[BlackElo "1014"]
[PlyCount "73"]
[EventDate "2016.10.19"]
[EventType "swiss"]
[EventRounds "11"]
[EventCountry "GEO"]
[SourceTitle "EXT 2018"]
[Source "ChessBase"]
[SourceDate "2017.10.13"]
[SourceVersion "1"]
[SourceVersionDate "2017.10.13"]
[SourceQuality "1"]

1. e4 e5 2. Nf3 Nc6 3. Bb5 a6 4. Ba4 Nf6 5. 0-0 d6 6. Re1 Be7 7. c3 0-0 8. h3 b5 9. Bc2 Re8 10. d4 Bf8 11. d5 Ne7 12. Nbd2 Ng6 13. a4 Bd7 14. axb5 axb5 15. Rxa8 Qxa8 16. Nf1 Nh5 17. Kh2 Nhf4 18. Ng5 h6 19. Nf3 Qd8 20. Bxf4 Nxf4 21. Ne3 g5 22. g4 f6 23. Ng2 Nxg2 24. Kxg2 h5 25. Nh2 hxg4 26. hxg4 Re7 27. Qf3 Bg7 28. Qh3 Qe8 29. Rh1 Qg6 30. Nf1 Kf7 31. Ne3 Re8 32. Qh5 Qxh5 33. Rxh5 Rh8 34. Rxh8 Bxh8 35. f3 c5 36. dxc6 Bxc6 37. Bb3+ 1-0

[Event "Wch U10"]
[Site "Batumi"]
[Date "2016.10.20"]
[Round "2"]
[White "Srinivas, Atharva"]
[Black "Hriday, Dharmesh Sheth"]
[Result "1/2-1/2"]
[WhiteElo "1014"]
[BlackElo "1491"]
[PlyCount "101"]
[EventDate "2016.10.19"]
[EventType "swiss"]
[EventRounds "11"]
[EventCountry "GEO"]
[SourceTitle "CBM 175 Extra"]
[Source "ChessBase"]
[SourceDate "2016.12.12"]
[SourceVersion "1"]
[SourceVersionDate "2016.12.12"]
[SourceQuality "1"]

1. e4 e5 2. Nf3 Nc6 3. Bb5 a6 4. Ba4 Nf6 5. 0-0 b5 6. Bb3 Be7 7. Re1 0-0 8. c3 d5 9. d3 dxe4 10. dxe4 Qxd1 11. Bxd1 Bb7 12. Bc2 Rfe8 13. Bg5 h6 14. Bh4 g5 15. Bg3 Bc5 16. Nbd2 Nh5 17. Nf1 Nxg3 18. Nxg3 Rad8 19. Rad1 Kh7 20. Rd5 Bd6 21. Rd2 f6 22. Red1 Bc8 23. h3 Na5 24. b3 Be7 25. Rxd8 Rxd8 26. Rxd8 Bxd8 27. Kf1 Kg7 28. Ke2 Kf7 29. Ke3 Ke7 30. Nf5+ Bxf5 31. exf5 Kd6 32. Ke4 c6 33. Ne1 Nb7 34. Nd3 Bb6 35. f3 Kd7 36. Nb4 Nc5+ 37. Ke3 a5 38. Nd3 Nxb3+ 39. Ke2 Nc5 40. Nxc5+ Bxc5 41. g4 Kd6 42. Be4 Ba3 43. Kd3 Bc1 44. Kc2 Bf4 45. Kd3 Kc5 46. Kc2 b4 47. cxb4+ axb4 48. Kb3 Bd2 49. a3 bxa3 50. Kxa3 Kd4 51. Bxc6 1/2-1/2

[Event "Wch U10"]
[Site "Batumi"]
[Date "2016.10.19"]
[Round "1"]
[White "Kondakov, Adrian"]
[Black "Srinivas, Atharva"]
[Result "1-0"]
[WhiteElo "1703"]
[BlackElo "1014"]
[PlyCount "83"]
[EventDate "2016.10.19"]
[EventType "swiss"]
[EventRounds "11"]
[EventCountry "GEO"]
[SourceTitle "CBM 175 Extra"]
[Source "ChessBase"]
[SourceDate "2016.12.12"]
[SourceVersion "1"]
[SourceVersionDate "2016.12.12"]
[SourceQuality "1"]

1. e4 e5 2. Nf3 Nc6 3. Bb5 a6 4. Ba4 Nf6 5. 0-0 d6 6. d4 b5 7. Bb3 Be7 8. dxe5 dxe5 9. Qxd8+ Bxd8 10. Re1 0-0 11. Be3 Bg4 12. Nbd2 Be7 13. h3 Bd7 14. c3 Rad8 15. Bd5 Bd6 16. Bb3 Ne7 17. Nxe5 Bxe5 18. f4 Bxc3 19. bxc3 Bc6 20. Bd4 Nh5 21. f5 Kh8 22. g4 Nf6 23. g5 Ne8 24. Rad1 f6 25. h4 Bb7 26. Nf1 Nc6 27. Bc5 Nd6 28. Bxd6 Rxd6 29. Rxd6 cxd6 30. Bd5 Rb8 31. Ng3 Ne5 32. Rd1 Nf3+ 33. Kf2 Nxh4 34. Bxb7 Rxb7 35. gxf6 gxf6 36. Rh1 Nxf5 37. Nxf5 Rc7 38. Rc1 Rc6 39. Ke3 Kg8 40. Ne7+ Kf7 41. Nxc6 Ke6 42. Kf4 1-0

[Event "Windsor NAYCC U10"]
[Site "Windsor"]
[Date "2016.08.11"]
[Round "8.144"]
[White "Zheng, Michael Zihan"]
[Black "Srinivas, Atharva"]
[Result "1-0"]
[WhiteElo "1811"]
[BlackElo "1388"]
[PlyCount "57"]
[EventDate "2016.08.07"]
[EventType "swiss"]
[EventRounds "9"]
[EventCountry "CAN"]
[SourceTitle "EXT 2022"]
[Source "ChessBase"]
[SourceDate "2021.10.06"]
[SourceVersion "1"]
[SourceVersionDate "2021.10.06"]
[SourceQuality "1"]

1. e4 e5 2. Nf3 Nc6 3. Bc4 Nf6 4. d3 Bc5 5. 0-0 0-0 6. c3 d6 7. Nbd2 Bg4 8. h3 Bh5 9. Re1 Re8 10. Nf1 d5 11. exd5 Nxd5 12. Ng3 Bg6 13. Bb5 Bd6 14. Ng5 a6 15. Bxc6 bxc6 16. N5e4 Nf4 17. Nxd6 Qxd6 18. Bxf4 exf4 19. Ne4 Qd5 20. Qf3 f5 21. Ng5 Rxe1+ 22. Rxe1 Qxa2 23. Qxc6 Rb8 24. Qxc7 Qxb2 25. Re7 Kh8 26. Rxg7 Qc1+ 27. Kh2 Rb1 28. Rxh7+ Bxh7 29. Qxh7# 1-0

[Event "Windsor NAYCC U10"]
[Site "Windsor"]
[Date "2016.08.10"]
[Round "7.143"]
[White "Srinivas, Atharva"]
[Black "Zhao, Jeffrey R"]
[Result "0-1"]
[WhiteElo "1388"]
[BlackElo "1496"]
[PlyCount "86"]
[EventDate "2016.08.07"]
[EventType "swiss"]
[EventRounds "9"]
[EventCountry "CAN"]
[SourceTitle "EXT 2022"]
[Source "ChessBase"]
[SourceDate "2021.10.06"]
[SourceVersion "1"]
[SourceVersionDate "2021.10.06"]
[SourceQuality "1"]

1. e4 c5 2. Nc3 e6 3. f4 d5 4. d3 a6 5. Nf3 b5 6. g3 Bb7 7. e5 Ne7 8. Bg2 Nd7 9. Bd2 Nc6 10. a3 Be7 11. 0-0 Qb6 12. Kh1 a5 13. Ne2 Ba6 14. Be3 Qc7 15. c3 Nb6 16. b3 c4 17. b4 Na4 18. d4 Bd8 19. Qc2 Ne7 20. Bh3 g6 21. Rg1 Bc8 22. g4 Bd7 23. Ng3 Qc8 24. Bd2 Bb6 25. Be3 Qc7 26. Bf2 0-0-0 27. Be3 Kb8 28. Bd2 h6 29. Bg2 Rdg8 30. h4 Qa7 31. Be3 Nc6 32. Bf2 Bd8 33. g5 hxg5 34. fxg5 Rh7 35. Ne2 Rhh8 36. Qd2 Rh5 37. Ra2 Ne7 38. Bh3 Nc6 39. Raa1 Bc7 40. Ra2 Nxe5 41. Nxe5 Bxe5 42. bxa5 Bd6 43. Nf4 Rh7 0-1

[Event "Windsor NAYCC U10"]
[Site "Windsor"]
[Date "2016.08.09"]
[Round "5.131"]
[White "Srinivas, Atharva"]
[Black "Kondakov, Adrian"]
[Result "0-1"]
[WhiteElo "1388"]
[BlackElo "1675"]
[PlyCount "74"]
[EventDate "2016.08.07"]
[EventType "swiss"]
[EventRounds "9"]
[EventCountry "CAN"]
[SourceTitle "EXT 2022"]
[Source "ChessBase"]
[SourceDate "2021.10.06"]
[SourceVersion "1"]
[SourceVersionDate "2021.10.06"]
[SourceQuality "1"]

1. e4 e6 2. d4 d5 3. e5 c5 4. c3 Nc6 5. Nf3 Qb6 6. Be2 Bd7 7. 0-0 Nh6 8. h3 Nf5 9. dxc5 Bxc5 10. b4 Be7 11. Bd3 Nh4 12. Nxh4 Bxh4 13. Qg4 Be7 14. Qxg7 0-0-0 15. Bxh7 Nxe5 16. Qxe5 Rxh7 17. Be3 Qc7 18. Qxc7+ Kxc7 19. Nd2 Rg8 20. Bf4+ Kc8 21. Bg3 e5 22. Kh2 Bd6 23. a3 f5 24. f3 f4 25. Bf2 Rgh8 26. Bxa7 Bxh3 27. gxh3 Rxh3+ 28. Kg1 Be7 29. Kf2 Kc7 30. Bc5 Bf6 31. b5 Rh2+ 32. Ke1 Rg2 33. a4 Rhh2 34. Nb3 b6 35. Bb4 Rb2 36. Nc1 Bh4+ 37. Rf2 Rh1# 0-1

[Event "Windsor NAYCC U10"]
[Site "Windsor"]
[Date "2016.08.08"]
[Round "3.136"]
[White "Srinivas, Atharva"]
[Black "Guipi Bopala, Prince Eric Jr"]
[Result "0-1"]
[WhiteElo "1388"]
[BlackElo "1572"]
[PlyCount "52"]
[EventDate "2016.08.07"]
[EventType "swiss"]
[EventRounds "9"]
[EventCountry "CAN"]
[SourceTitle "EXT 2022"]
[Source "ChessBase"]
[SourceDate "2021.10.06"]
[SourceVersion "1"]
[SourceVersionDate "2021.10.06"]
[SourceQuality "1"]

1. e4 e5 2. Nf3 Nc6 3. Bb5 a6 4. Ba4 Nf6 5. 0-0 b5 6. Bb3 Be7 7. Re1 0-0 8. c3 d5 9. exd5 Nxd5 10. Nxe5 Nxe5 11. Rxe5 c6 12. Bxd5 cxd5 13. d4 Be6 14. Re1 Bd6 15. Be3 Qh4 16. h3 Rae8 17. Nd2 f5 18. Nf3 Qf6 19. Bd2 f4 20. Qb3 Qg6 21. Kh1 Qh5 22. Ne5 f3 23. Nxf3 Rxf3 24. gxf3 Qxh3+ 25. Kg1 Qh2+ 26. Kf1 Bh3# 0-1

[Event "CAN-ch U08"]
[Site "Windsor"]
[Date "2015.07.08"]
[Round "4.126"]
[White "Srinivas, Atharva"]
[Black "Li, Darwin H"]
[Result "1-0"]
[WhiteElo "817"]
[BlackElo "962"]
[PlyCount "83"]
[EventDate "2015.07.06"]
[EventType "swiss"]
[EventRounds "7"]
[EventCountry "CAN"]
[SourceTitle "EXT 2022"]
[Source "ChessBase"]
[SourceDate "2021.10.06"]
[SourceVersion "1"]
[SourceVersionDate "2021.10.06"]
[SourceQuality "1"]

1. e4 e5 2. Nf3 Nc6 3. Nc3 Bc5 4. Bc4 d6 5. 0-0 Bg4 6. h3 h5 7. d3 Nd4 8. hxg4 hxg4 9. Ng5 g3 10. Be3 gxf2+ 11. Rxf2 Ne6 12. Nxf7 Qh4 13. Nxh8 Bxe3 14. Qf3 Bxf2+ 15. Qxf2 Qxh8 16. Bxe6 Nf6 17. Nd5 Kd8 18. Rf1 Nxd5 19. exd5 Qe8 20. Qf7 Qxf7 21. Rxf7 g5 22. Rf8+ Ke7 23. Rxa8 a6 24. Ra7 b5 25. Rxc7+ Kf6 26. Rf7+ Kg6 27. Rd7 Kh5 28. g4+ Kh6 29. c4 bxc4 30. dxc4 e4 31. Bf5 e3 32. Re7 e2 33. Rxe2 Kg7 34. c5 dxc5 35. d6 c4 36. d7 c3 37. Bc2 cxb2 38. Re1 a5 39. d8Q b1Q 40. Rxb1 a4 41. Rb6 a3 42. Qd7+ 1-0

[Event "CAN-ch U08"]
[Site "Windsor"]
[Date "2015.07.06"]
[Round "1.124"]
[White "Srinivas, Atharva"]
[Black "Chang, Alexander Rz"]
[Result "1-0"]
[WhiteElo "817"]
[BlackElo "867"]
[PlyCount "75"]
[EventDate "2015.07.06"]
[EventType "swiss"]
[EventRounds "7"]
[EventCountry "CAN"]
[SourceTitle "EXT 2022"]
[Source "ChessBase"]
[SourceDate "2021.10.06"]
[SourceVersion "1"]
[SourceVersionDate "2021.10.06"]
[SourceQuality "1"]

1. e4 e5 2. Nf3 Nc6 3. Nc3 Nf6 4. Bc4 Nxe4 5. Nxe4 d5 6. 0-0 dxe4 7. Ne1 Bc5 8. d3 0-0 9. Be3 Bxe3 10. fxe3 exd3 11. Bxd3 Qg5 12. Qf3 Bg4 13. Qg3 f5 14. h3 e4 15. Bc4+ Kh8 16. hxg4 Qxg4 17. Qxg4 fxg4 18. Rxf8+ Rxf8 19. Bd5 Re8 20. Bxc6 bxc6 21. c3 c5 22. Nc2 Rd8 23. Rf1 h6 24. b4 Rd2 25. Rc1 c4 26. a4 Rd3 27. Na3 Rxe3 28. Nxc4 Re2 29. Ne5 e3 30. c4 Rd2 31. Re1 e2 32. Kf2 Rb2 33. b5 Ra2 34. Rxe2 Rxa4 35. c5 Ra5 36. Rb2 a6 37. b6 Rxc5 38. b7 1-0